Agrometeorologické zdroje riešenia potravinového problému

Prírodné podmienky poľnohospodárskej výroby. Problémy výživy ľudstva. Zmeny podnebia a jeho dôsledky na poľnohospodárstvo. Úlohy agrometeorologických služieb v poľnohospodárskej výrobe.

Salvato in:
Dettagli Bibliografici
Autore principale: Šamaj, F.
Natura: Capitolo di libro
Lingua:slovacco
Soggetti:
Tags: Aggiungi Tag
Nessun Tag, puoi essere il primo ad aggiungerne!!

MARC

LEADER 00000naa a2200000 4500
001 r014318
005 20221205080846.1
041 0 |a slo 
044 |a SK 
245 1 0 |a Agrometeorologické zdroje riešenia potravinového problému  |c F. Šamaj 
520 |a Prírodné podmienky poľnohospodárskej výroby. Problémy výživy ľudstva. Zmeny podnebia a jeho dôsledky na poľnohospodárstvo. Úlohy agrometeorologických služieb v poľnohospodárskej výrobe. 
610 2 0 |a výroba poľnohospodárska 
610 2 0 |a poľnohospodárstvo 
610 2 0 |a meteorológia 
610 2 0 |a podmienky prírodné 
610 2 0 |a výživa 
610 2 0 |a podnebie 
610 2 0 |a potraviny 
100 1 |a Šamaj, F.